000 01799nam a2200493 i 4500
001 1005
003 KOSZ 005
005 20200909123010.0
008 200818s1971 pl a f 001 0 pol
015 _aUWD 1971/5785
035 _a991037238239705066
035 _a(PL-WaBN)b19989805-48omnis_nlop
035 _ab19989805
035 _a(OCoLC)838988681
035 _a(PL)b0000001998980
035 _a(EXLNZ-48OMNIS_NETWORK)9910391310205606
040 _aWA N
_cWA N
_dKOSZ 005/AR
046 _k1971
080 _a546
080 _a(075.8)
100 1 _aTrzebiatowski, Włodzimierz
_d(1906-1982)
_eAutor
245 1 0 _aChemia nieorganiczna :
_bpodręcznik chemii ogólnej i nieorganicznej dla wydziałów chemicznych politechnik i uniwersytetów /
_cWłodzimierz Trzebiatowski.
250 _aWydanie 6.
260 _aWarszawa :
_bPaństwowe Wydawnictwo Naukowe,
_c[1971].
300 _a674 strony :
_bilustracje ;
_c23 cm.
336 _aTekst
_btxt
_2rdacontent
337 _aBez urządzenia pośredniczącego
_bn
_2rdamedia
338 _aWolumin
_bnc
_2rdacarrier
380 _aKsiążki
380 _aPublikacje dydaktyczne
380 _aPublikacje naukowe
385 _mPoziom nauczania
_aSzkoły wyższe
388 _a1901-2000
388 _a1945-1989
504 _aBibliografia na stronie [637]. Indeks.
521 _aPodręcznik chemii ogólnej i nieorganicznej dla wydziałów chemicznych politechnik i uniwersytetów.
650 7 _aChemia nieorganiczna
_2DBN
655 7 _aPodręczniki akademickie
_2DBN
658 _aChemia
710 _aPaństwowe Wydawnictwo Naukowe
_4pbl
856 _uhttp://koha.tu.koszalin.pl/cgi-bin/koha/opac-detail.pl?biblionumber=1005
_yKatalog online BPK
942 _2UKD
_cKS
999 _c1005
_d1005